[Event "ROM-ch"]
[Site "Bucharest"]
[Date "1994.??.??"]
[Round "4"]
[White "Vasiesiu, Dan"]
[Black "Ardeleanu, Alin"]
[Result "1-0"]
[WhiteElo "2415"]
[BlackElo "2370"]

1.e4 g6 2.d4 Bg7 3.Nc3 d6 4.Be3 Nf6 5.h3 c6 6.Nf3 O-O 7.Qd2 Qc7 8.a4 Nbd7
9.Bc4 Nxe4 10.Nxe4 d5 11.Bxd5 cxd5 12.Nc3 Nf6 13.Bh6 Ne4 14.Nxe4 dxe4 15.Bxg7 Kxg7
16.Ne5 h5 17.Ra3 f6 18.Rc3 Qd8 19.Nc4 Be6 20.Ne3 Qd6 21.O-O Rad8 22.Rd1 f5
23.Nc4 Bxc4 24.Rxc4 Rc8 25.Rxc8 Rxc8 26.b3 a5 27.c4 b6 28.d5 Rd8 29.Rc1 Qe5
30.Qe3 Rd6 31.f3 e6 32.fxe4 Qxe4 33.Qc3+ Kh7 34.Re1 Qh4 35.dxe6 Rd3 36.Qe5 f4
37.e7 Rxh3 38.Qh8+ Kxh8 39.e8=Q+ Kg7 40.Re7+ Kh6 41.Qf8+ Kg5 42.Re5+ Kg4
43.Qc8+ Kg3 44.Rg5+  1-0

[Event "Ciocaltea mem"]
[Site "Bucharest"]
[Date "1994.??.??"]
[Round "8"]
[White "Itkis, Boris"]
[Black "Moldovan, Daniel"]
[Result "1/2-1/2"]
[WhiteElo "2475"]
[BlackElo "2405"]

1.d4 g6 2.e4 Bg7 3.Nc3 d6 4.Nf3 Nf6 5.Bf4 O-O 6.Qd2 d5 7.exd5 Nbd7 8.Bc4 Nb6
9.Bb3 Nbxd5 10.Nxd5 Nxd5 11.Be5 Nf6 12.Qf4 c5 13.O-O-O Qb6 14.Rhe1 a5 15.a4 Qb4
16.dxc5 Qxc5 17.Qd4 Qc6 18.Qh4 Bf5 19.Nd4 Qc8 20.h3 Bd7 21.g4 b5 22.Nxb5 Bxb5
23.axb5 a4 24.Ba2 a3 25.b4 Ra4 26.g5 Nh5 27.Qd4 Qf5 28.Bxg7 Nxg7 29.Rxe7 Qxb5
30.Rxf7 Rxf7 31.Bxf7+ Kxf7 32.Qf6+ Kg8 33.Rd8+ Ne8 34.Qe6+ Kf8 35.Qf6+  1/2-1/2

[Event "Ciocaltea mem"]
[Site "Bucharest"]
[Date "1994.??.??"]
[Round "11"]
[White "Milu, Romeo Sorin"]
[Black "Zaitsev, Igor A"]
[Result "0-1"]
[WhiteElo "2430"]
[BlackElo "2430"]

1.e4 g6 2.d4 Bg7 3.Nc3 d6 4.Bg5 a6 5.Qd2 b5 6.f3 Nd7 7.h4 c5 8.dxc5 Nxc5
9.h5 Be6 10.h6 Be5 11.Nge2 Nf6 12.Bf4 Qc7 13.Bxe5 dxe5 14.Nc1 O-O 15.Nd3 Rfd8
16.Qg5 Rd4 17.Be2 Bc4 18.Nxe5 Ne6 19.Qg3 b4 20.Bxc4 Rxc4 21.Ne2 Rxc2 22.Kf1 Rd8  0-1

[Event "Schneider mem"]
[Site "Budapest"]
[Date "1994.??.??"]
[Round "?"]
[White "Fogarasi, Tibor"]
[Black "Beszterczey, Laszlo"]
[Result "1-0"]
[WhiteElo "2415"]
[BlackElo "2190"]

1.e4 g6 2.d4 Bg7 3.Nc3 d6 4.Be3 c6 5.Qd2 b5 6.f3 Nd7 7.h4 h5 8.Nh3 Nb6 9.Ng5 Nf6
10.Bd3 O-O 11.O-O-O Nc4 12.Bxc4 bxc4 13.Qe2 d5 14.e5 Ne8 15.g4 f6 16.exf6 exf6
17.Nh3 hxg4 18.fxg4 Rb8 19.Nf4 Qb6 20.Nxg6 Ba6 21.Bf4 Nc7 22.Bxc7 Qxc7 23.Nxf8 Bxf8
24.Qe6+ Kh8 25.Rhf1 Qb6 26.Rf5 Qxb2+ 27.Kd2 Qxc3+ 28.Kxc3  1-0

[Event "Schneider mem"]
[Site "Budapest"]
[Date "1994.??.??"]
[Round "?"]
[White "Galanov, Boris"]
[Black "Kosanski, Stanko"]
[Result "1-0"]
[WhiteElo "2435"]
[BlackElo "2425"]

1.e4 g6 2.d4 Bg7 3.Nc3 d6 4.Be3 c6 5.Qd2 b5 6.O-O-O Nd7 7.e5 d5 8.h4 Nb6
9.h5 Nc4 10.Bxc4 bxc4 11.Na4 Bf5 12.Ne2 Rb8 13.f3 gxh5 14.Nf4 e6 15.Nxh5 Bf8
16.a3 Qc7 17.g4 Bg6 18.Nf4 Qb7 19.Qc3 h6 20.Rh2 Qb5 21.Nc5 Bxc5 22.dxc5 Kd7
23.Rdh1 a5 24.Bd4 a4 25.Qe3 Rf8 26.Ne2 Rb8 27.Bc3 Re8 28.f4 Be4 29.Rd1 Kc8
30.Bd4 Qa6 31.Ng3 Bg6 32.f5 Bh7 33.Qf4 Qb7 34.Rdh1 Qd7 35.f6 Bg6 36.Nh5 Qb7
37.Qd2 Qb5 38.Qc3 Kd7 39.Rg1 Rb8 40.Nf4 Rh7 41.Rh4 Be4 42.Nh5 Qa6 43.Ng3 Bg6
44.Rgh1 Rb5 45.g5 Rb8 46.gxh6 Qc8 47.Nf1 Qf8 48.Qe3 Re8 49.Qf4 Be4 50.R1h2 Rb8
51.Qe3 Bg6 52.Nd2 Rb5 53.Nf3 Bf5 54.Bc3 Rb8 55.Bd2 Rb7 56.Qg1 Bg6 57.Qd4 Ke8
58.Be3 Rb5 59.Qc3 Kd7 60.Nd4 Rb8 61.Qa5 Ra8 62.Qb6 Qc8 63.Nf3 Rb8 64.Qa5 Rb5
65.Qa7+ Rb7 66.Qxa4 Qb8 67.Bd4 Qf8 68.Qa6 Rc7 69.Be3 Qb8 70.Qa5 Ra7 71.Qc3 Qf8
72.Qd4 Ke8 73.Qd2 Kd7 74.Rxc4 Qa8 75.Rch4 Ra4 76.Rxa4 Qxa4 77.Qb4 Qa6 78.b3 Qf1+
79.Kb2 Qxf3 80.Qb7+ Kd8 81.Qb8+ Kd7 82.Qd6+ Ke8 83.Qxc6+ Kd8 84.Qb6+ Ke8
85.c6  1-0

[Event "Budapest Spring op"]
[Site "Budapest"]
[Date "1994.??.??"]
[Round "1"]
[White "Roschina, Tatiana"]
[Black "Korotylev, Alexey"]
[Result "0-1"]
[WhiteElo "2135"]
[BlackElo "2415"]

1.e4 g6 2.d4 Bg7 3.Nc3 d6 4.Be3 c6 5.Qd2 b5 6.Bd3 Nd7 7.f3 Ngf6 8.Nh3 O-O
9.Nf2 a6 10.a4 Bb7 11.O-O e5 12.Rfd1 Qc7 13.axb5 axb5 14.Ne2 d5 15.c3 Rfe8
16.g4 Rxa1 17.Rxa1 dxe4 18.fxe4 exd4 19.cxd4 c5 20.dxc5 Ne5 21.Nd4 Qxc5 22.Bxb5 Nf3+
23.Nxf3 Qxb5 24.Ra5 Qc6 25.Nd4 Qc8 26.h3 Nxe4 27.Nxe4 Bxe4 28.Nb5 Be5 29.Nc3 Bb7
30.Nd5 Qe6 31.Rb5 Ba8 32.Bg5 Bd4+ 33.Be3 Bxe3+ 34.Nxe3 Qc6 35.Ra5 Qh1+ 36.Kf2 Qf3+
37.Kg1 Qg3+ 38.Kf1 Qxh3+ 39.Kf2 Qh2+ 40.Ke1 Qg1+ 41.Ke2 Qxg4+  0-1

[Event "Budapest Spring op"]
[Site "Budapest"]
[Date "1994.??.??"]
[Round "1"]
[White "Dlauchy, Peter"]
[Black "Zhidkov, Valery S"]
[Result "0-1"]
[WhiteElo "2070"]
[BlackElo "2380"]

1.e4 g6 2.d4 Bg7 3.Nc3 d6 4.f4 Nc6 5.Nf3 Bg4 6.Be3 e5 7.d5 Nd4 8.Be2 Nxe2
9.Qxe2 exf4 10.Bxf4 Nf6 11.O-O Nd7 12.Qd2 Bxf3 13.Rxf3 O-O 14.Raf1 Ne5 15.Rh3 Re8
16.Bh6 Bh8 17.Qf4 Qd7 18.Bg5 Ng4 19.Qd2 a6 20.Rhf3 Ne5 21.Rf4 Bg7 22.R4f2 Rf8
23.Bf6 Bxf6 24.Rxf6 Qe7 25.h3 Nd7 26.R6f3 Rae8 27.b4 Qe5 28.Qd3 Re7 29.a3 Qg7
30.Qe2 Qd4+ 31.Qf2 Qxf2+ 32.R1xf2 b5 33.Rf4 Nb6 34.Kf1 Nc4 35.a4 bxa4 36.Nxa4 Rb8
37.c3 a5 38.Nb2 Ne3+ 39.Kg1 axb4 40.cxb4 Rxb4 41.Nd3 Rbxe4 42.Rxe4 Rxe4 43.Re2 Re7  0-1

[Event "Budapest FS05 IM"]
[Site "Budapest"]
[Date "1994.??.??"]
[Round "2"]
[White "Dovzik, Juri"]
[Black "Vadasz, Laszlo"]
[Result "1-0"]
[WhiteElo "2375"]
[BlackElo "2365"]

1.e4 g6 2.d4 Bg7 3.Nc3 d6 4.Be3 c6 5.Qd2 b5 6.O-O-O Nd7 7.h4 h6 8.h5 g5 9.f4 gxf4
10.Bxf4 b4 11.Nce2 Ngf6 12.Ng3 Qa5 13.Kb1 Rg8 14.N1e2 Ng4 15.Nc1 c5 16.Nb3 Qb6
17.Nf5 Bxd4 18.Nbxd4 cxd4 19.Bxh6 Nde5 20.Nxd4 Nxh6 21.Qxh6 Bd7 22.Qd2 a5
23.h6 a4 24.h7 Rh8 25.Qg5 Ng6 26.Bc4 Ra5 27.Bxf7+  1-0

[Event "Papp Bela mem"]
[Site "Budapest"]
[Date "1994.??.??"]
[Round "4"]
[White "Csoke, Krisztian"]
[Black "Soponyai, Tamas"]
[Result "1-0"]
[WhiteElo "2300"]
[BlackElo "2120"]

1.e4 g6 2.d4 Bg7 3.Nc3 d6 4.f4 c6 5.Nf3 d5 6.e5 h5 7.Bd3 Nh6 8.Qe2 e6 9.Bd2 b5
10.O-O Nd7 11.Ng5 Nf8 12.Qe1 Qb6 13.Ne2 a5 14.Kh1 Nf5 15.Nf3 Ne7 16.a4 b4
17.c3 bxc3 18.Bxc3 Nd7 19.Qd2 O-O 20.Rfb1 c5 21.dxc5 Nxc5 22.b4 Nxd3 23.Qxd3 axb4
24.Bxb4 Qa7 25.Ned4 Ba6 26.Qa3 Rfe8 27.Bc5 Qd7 28.Rb6 Nc8 29.Rb4 Bf8 30.Bxf8 Rxf8
31.Rab1 Ne7 32.Rb6 Nc8 33.R6b4 Ne7 34.Rb6 Nc8 35.Rc6 Bc4 36.f5 Qe7 37.Qe3 exf5
38.Qh6  1-0

[Event "Budapest FS05 IM"]
[Site "Budapest"]
[Date "1994.??.??"]
[Round "4"]
[White "Steiner, Bruno"]
[Black "Vadasz, Laszlo"]
[Result "1/2-1/2"]
[WhiteElo "2200"]
[BlackElo "2365"]

1.e4 g6 2.d4 Bg7 3.Nc3 d6 4.Be3 c6 5.f3 b5 6.Qd2 Nd7 7.h4 Ngf6 8.Nge2 Nb6
9.Ng3 h5 10.O-O-O Nc4 11.Bxc4 bxc4 12.e5 dxe5 13.dxe5 Qxd2+ 14.Rxd2 Nd7 15.e6 fxe6
16.Rhd1 Bf6 17.Nge4 Bxh4 18.Nc5 Nf8 19.Rd8+ Kf7 20.R1d4 Bf6 21.Rxc4 h4 22.N3e4 h3
23.gxh3 Rxh3 24.Bg5 Rh1+ 25.Kd2 Bxb2 26.Nd3 Rh2+ 27.Ke3 Bg7 28.Bf4 Rh5 29.Rxc6 Bb7
30.Rxa8 Bxa8 31.Ra6 Bxe4 32.fxe4 g5 33.Be5 Rh3+ 34.Kd4 Ng6 35.Bxg7 Kxg7 36.Rxe6 Rh2
37.Ne5 Nxe5 38.Kxe5 Kf7 39.Ra6 Rxc2 40.Rxa7 Rf2 41.Ra6 g4 42.Rh6 g3 43.Rh4 g2
44.Rg4 Rxa2 45.Rg3 Rb2 46.Rg4 Re2 47.Rg3 Ke8 48.Kf4 Kd7 49.Kf3 Rd2 50.Rxg2 Rxg2
51.Kxg2 Kd6 52.Kf3  1/2-1/2

[Event "Papp Bela mem"]
[Site "Budapest"]
[Date "1994.??.??"]
[Round "6"]
[White "Tatar Kis, Szabolcs"]
[Black "Soponyai, Tamas"]
[Result "0-1"]
[WhiteElo "2235"]
[BlackElo "2120"]

1.e4 g6 2.d4 Bg7 3.Nc3 d6 4.f4 c6 5.Be2 Qb6 6.Nf3 Bg4 7.e5 Nh6 8.Nd2 Bxe2
9.Nxe2 Nf5 10.Nb3 h5 11.Qd3 a5 12.Ng3 Nxg3 13.hxg3 Na6 14.exd6 exd6 15.c3 O-O-O
16.O-O f5 17.Be3 Rde8 18.Bf2 d5 19.c4 Nb4 20.Qc3 Re2 21.a3 Nc2 22.c5 Qb5
23.Rac1 a4 24.Rxc2 Rxc2 25.Qxc2 axb3 26.Qd2 Re8 27.Re1 Rxe1+ 28.Qxe1 Kd7
29.Qd2 Qc4 30.Be3 Qc2 31.Qb4 Kc8 32.Qa5 Qxb2 33.Qa8+ Kc7 34.Qa5+ Kd7 35.Qa7 Bxd4
36.Qxb7+ Kd8 37.Qb8+ Ke7 38.Qd6+ Kf7 39.Qd7+ Kg8 40.Qe8+ Kh7 41.Kh2 Bg7 42.Qxc6 Qc3
43.Bg1 b2 44.Qb7 Qd3  0-1

[Event "Budapest FS04 IM-B"]
[Site "Budapest"]
[Date "1994.??.??"]
[Round "6"]
[White "Peredy, Ferenc"]
[Black "Vadasz, Laszlo"]
[Result "1/2-1/2"]
[WhiteElo "2190"]
[BlackElo "2365"]

1.e4 g6 2.d4 Bg7 3.Nc3 d6 4.f4 Nf6 5.Nf3 O-O 6.Bd3 Nc6 7.O-O Bg4 8.e5 Nh5
9.Be3 dxe5 10.fxe5 f6 11.Qe1 fxe5 12.Nxe5 Nxe5 13.dxe5 Rxf1+ 14.Bxf1 Bxe5
15.Qh4 Nf6 16.Bc4+ Kh8 17.Kh1 Bf5 18.Rd1 Qe8 19.Bg5 Rd8 20.Re1 Bxc3 21.bxc3 Qc6
22.Rxe7 Rd1+ 23.Re1 Rxe1+ 24.Qxe1 Ne4 25.Bb3 h5 26.Be3 Kh7 27.Qh4 Qd6 28.Qf4 Qxf4
29.Bxf4 c6 30.Be5 g5 31.Bf7 h4 32.a3 a6 33.Kg1 Nc5 34.Bd4 Ne6 35.Bf6  1/2-1/2

[Event "Budapest FS05 IM"]
[Site "Budapest"]
[Date "1994.??.??"]
[Round "8"]
[White "Stillger, Bernhard"]
[Black "Vadasz, Laszlo"]
[Result "1-0"]
[WhiteElo "2195"]
[BlackElo "2365"]

1.e4 g6 2.d4 Bg7 3.Nc3 d6 4.f4 Nf6 5.Nf3 O-O 6.Bd3 Nc6 7.O-O Bg4 8.e5 Nh5
9.Be3 dxe5 10.dxe5 f6 11.exf6 Bxf6 12.Bc4+ Kh8 13.Qxd8 Raxd8 14.g3 Bxf3 15.Rxf3 Bxc3
16.bxc3 Ne5 17.Bd4 Rxd4 18.fxe5 Rxf3 19.cxd4 Ng7 20.Bd5 Rc3 21.g4 h5 22.gxh5 Nxh5
23.Rf1 Rxc2 24.Be4 Rxa2 25.Bxg6 Rd2 26.Bxh5 Rxd4 27.Rf7  1-0

[Event "Budapest Spring op"]
[Site "Budapest"]
[Date "1994.??.??"]
[Round "9"]
[White "Mansurov, Viacheslav"]
[Black "Al Sulaiti, Ali"]
[Result "1-0"]
[WhiteElo "2400"]
[BlackElo "2275"]

1.e4 g6 2.d4 Bg7 3.Nc3 d6 4.f4 Nc6 5.Nf3 Bg4 6.Be3 e5 7.fxe5 dxe5 8.d5 Nd4
9.Nb5 Nxb5 10.Bxb5+ c6 11.Bc4 cxd5 12.Qxd5 Qxd5 13.Bxd5 Ne7 14.Bxb7 Rb8 15.Ba6 Rxb2
16.O-O-O Rb8 17.Bc4 O-O 18.Rhf1 Nc6 19.h3 Bxf3 20.Rxf3 Nd4 21.Rf2 Rb7 22.Bd5 Rc7
23.Rdf1 Rfc8 24.c4 Rxc4+ 25.Bxc4 Rxc4+ 26.Kb2 Nb5 27.Rc2 Nd6 28.Rd1 Bf8 29.Bc5 Rxc2+
30.Kxc2 Nxe4 31.Bxf8 Kxf8 32.Rd7 a6 33.Ra7 Nc5 34.Kc3 h5 35.Kc4 Ne6 36.Kd5 Kg7
37.Kxe5 Nc5 38.Kd6 Nd3 39.Rxa6 f5 40.a4 f4 41.Rb6  1-0

[Event "Budapest FS05 IM"]
[Site "Budapest"]
[Date "1994.??.??"]
[Round "10"]
[White "Pikler, Tamas"]
[Black "Vadasz, Laszlo"]
[Result "1/2-1/2"]
[WhiteElo "2210"]
[BlackElo "2365"]

1.e4 g6 2.d4 Bg7 3.Nc3 d6 4.f4 Nf6 5.Nf3 O-O 6.Bd3 Nc6 7.O-O Bg4 8.e5 Nh5
9.Be3 dxe5 10.dxe5 f6 11.exf6 Bxf6 12.h3 Bxf3 13.Qxf3 Bd4 14.Ne2 Ne5 15.Qe4 Bxe3+
16.Qxe3 Nxd3 17.Rad1 Qd5 18.b3 Qc5 19.Rxd3 Qxe3+ 20.Rxe3 Rf7 21.g4 Ng7 22.Rd1 Re8
23.Kg2 e6 24.Kg3 Ree7 25.Rd8+ Rf8 26.Rdd3 Rfe8 27.Re5 Rf7 28.a4 Ree7 29.Nd4 Rd7
30.Nxe6 Rxd3+ 31.cxd3 Nxe6 32.Rxe6 Rd7 33.Re3 Rd4 34.Kf3 Kf7 35.Re4  1/2-1/2

[Event "ARG-World"]
[Site "Buenos Aires"]
[Date "1994.??.??"]
[Round "7"]
[White "Tempone, Marcelo"]
[Black "Conquest, Stuart"]
[Result "1-0"]
[WhiteElo "2460"]
[BlackElo "2495"]

1.e4 g6 2.d4 Bg7 3.Nc3 d6 4.g3 Nc6 5.d5 Nd4 6.Bg2 c5 7.Nce2 f5 8.Nxd4 cxd4
9.Ne2 fxe4 10.Nxd4 Qa5+ 11.c3 Qxd5 12.O-O Nf6 13.f3 O-O 14.fxe4 Qc4 15.Qb3 Qxb3
16.axb3 Bd7 17.Bd2 a6 18.Rae1 e5 19.Nc2 Be6 20.c4 b5 21.Ne3 Rac8 22.Bb4 bxc4
23.bxc4 Rfd8 24.Nd5 Nxd5 25.cxd5 Bd7 26.Rc1 Bb5 27.Bh3 Rb8 28.Rf3 Be2 29.Be6+ Kh8
30.Rf7  1-0

[Event "Buenos Aires PRENAJ"]
[Site "Buenos Aires"]
[Date "1994.??.??"]
[Round "11"]
[White "Devcic, Marcos"]
[Black "Spangenberg, Hugo"]
[Result "0-1"]
[WhiteElo "2300"]
[BlackElo "2510"]

1.d4 d6 2.e4 g6 3.Nc3 Bg7 4.Bc4 c6 5.Nf3 d5 6.exd5 b5 7.Bd3 b4 8.Ne2 cxd5
9.O-O Nc6 10.h3 Nh6 11.a3 Qb6 12.Nf4 e6 13.axb4 Nxb4 14.Be2 O-O 15.c3 Nc6
16.b4 Nf5 17.b5 Nce7 18.Ba3 Qc7 19.Nd3 Re8 20.Bc5 Bb7 21.Bb4 a5 22.Bc5 Nc8
23.Nb2 e5 24.Nh2 e4 25.Ng4 h5 26.Ne3 Nxe3 27.fxe3 Bh6 28.Bxh5 gxh5 29.Qxh5 Bxe3+
30.Kh1 Re6 31.Rae1 Bh6 32.Nd1 Rg6 33.Nf2 Nb6 34.Ng4 Bg7 35.Ne3 Re8 36.Nf5 Na4
37.Bd6 Qd8 38.Nxg7 Rxg7 39.Bf4 Re6 40.Re3 Reg6 41.Rf2 Nb6 42.Kh2 Nc4 43.Ree2 Rh7  0-1

[Event "Bytom op"]
[Site "Bytom"]
[Date "1994.??.??"]
[Round "?"]
[White "Dubiel, Jacek"]
[Black "Malecki, Rafal"]
[Result "1-0"]
[WhiteElo "2395"]
[BlackElo "2210"]

1.e4 g6 2.d4 Bg7 3.Nc3 d6 4.g3 Nf6 5.Bg2 O-O 6.Nge2 e5 7.O-O Nc6 8.Re1 Re8
9.dxe5 Rxe5 10.h3 Bd7 11.f4 Rh5 12.f5 gxf5 13.Nf4 Rh6 14.exf5 Bxf5 15.g4 Bxg4
16.hxg4 Rh4 17.Nh5 Nxh5 18.gxh5 Be5 19.Re4 f5 20.Rxh4 Qxh4 21.Be3 Kh8 22.Bf2 Qh2+
23.Kf1 Rg8 24.Qf3 Rg4 25.Ne2 Qxh5 26.Bh3 Rh4 27.Qxf5 Qxf5 28.Bxf5 Bxb2 29.Rb1 Rb4
30.Be1 Rb5 31.Bd3  1-0

[Event "Calcutta op2"]
[Site "Calcutta"]
[Date "1994.??.??"]
[Round "?"]
[White "Acharya, Chandragupta K"]
[Black "Wajih, Nassir"]
[Result "1-0"]
[WhiteElo "2260"]
[BlackElo "2340"]

1.e4 g6 2.d4 Bg7 3.Nc3 d6 4.f4 Nd7 5.Nf3 c6 6.a4 Ngf6 7.e5 Nd5 8.Nxd5 cxd5
9.Bd3 Qc7 10.O-O O-O 11.Qe1 e6 12.Bd2 dxe5 13.fxe5 a5 14.Qh4 f6 15.Bh6 fxe5
16.Bxg7 Kxg7 17.Ng5 Rxf1+ 18.Rxf1 Nf8 19.dxe5 Qxe5 20.Rf7+ Kg8 21.Qh6  1-0

[Event "Calcutta op2"]
[Site "Calcutta"]
[Date "1994.??.??"]
[Round "?"]
[White "Hassan, Sayed Barakat"]
[Black "Wajih, Nassir"]
[Result "1-0"]
[WhiteElo "2410"]
[BlackElo "2340"]

1.e4 g6 2.d4 Bg7 3.Nc3 d6 4.Be3 c6 5.Qd2 b5 6.O-O-O Qa5 7.Kb1 Nd7 8.f3 Rb8
9.g4 b4 10.Nce2 Ba6 11.Nc1 Bxf1 12.Rxf1 Nb6 13.b3 Qb5 14.Nge2 a5 15.h4 Nf6
16.h5 Nfd7 17.hxg6 hxg6 18.Rxh8+ Bxh8 19.Rh1 Bf6 20.g5 Bg7 21.Rh7 Kf8 22.f4 Kg8
23.Rh1 c5 24.f5 cxd4 25.Bxd4 Ne5 26.Qf4 Nbd7 27.Qh4 Rc8 28.fxg6 Qc6 29.gxf7+ Kf8
30.c4 bxc3 31.Rf1 c2+ 32.Ka1 d5 33.Qh7  1-0

[Event "Calcutta op"]
[Site "Calcutta"]
[Date "1994.??.??"]
[Round "5"]
[White "Barua, Dibyendu"]
[Black "Koshy, Varugeese"]
[Result "1-0"]
[WhiteElo "2510"]
[BlackElo "2415"]

1.e4 g6 2.d4 Bg7 3.Nc3 d6 4.Be2 c6 5.Be3 b5 6.Qd2 Qa5 7.h4 h5 8.Nh3 Nd7 9.a3 a6
10.Ng5 Rb8 11.f4 Nf8 12.O-O Qc7 13.f5 gxf5 14.exf5 Nf6 15.Rae1 N8d7 16.Nce4 Nxe4
17.Nxe4 Nf6 18.Nxf6+ Bxf6 19.Bg5 Kd7 20.Bxf6 exf6 21.Bxh5 Rh7 22.Qe2 Qd8
23.Rf4 Kc7 24.Bf3 Qh8 25.g3 Bd7 26.Qd2 Re8 27.Rxe8 Qxe8 28.Kf2 Qc8 29.a4 Kb8
30.Re4 Qd8 31.axb5 axb5 32.Re3 d5 33.Qb4  1-0

[Event "Calcutta op"]
[Site "Calcutta"]
[Date "1994.??.??"]
[Round "6"]
[White "Prasad, Devaki V"]
[Black "Parameswaran, Tiruchi N"]
[Result "0-1"]
[WhiteElo "2445"]
[BlackElo "2365"]

1.e4 g6 2.d4 Bg7 3.Nc3 d6 4.Bc4 c6 5.Qf3 e6 6.Nge2 b5 7.Bb3 Bb7 8.h4 h6 9.Bf4 Qe7
10.h5 g5 11.Bh2 a6 12.a4 b4 13.Nd1 Nd7 14.Ne3 d5 15.exd5 cxd5 16.Nc4 Ndf6
17.Ne5 Ne4 18.Qe3 Ngf6 19.g4 Nd7 20.f3 Nd6 21.a5 Nxe5 22.Bxe5 O-O 23.Bxg7 Kxg7
24.O-O Nc4 25.Bxc4 dxc4 26.f4 gxf4 27.Rxf4 Qg5 28.Ng3 Rad8 29.Raf1 Rd7 30.c3 bxc3
31.Qxc3 Bd5 32.R1f2 Rb7 33.Qe3 Rb5 34.Nf5+ exf5  0-1

[Event "Calcutta op"]
[Site "Calcutta"]
[Date "1994.??.??"]
[Round "10"]
[White "Norwood, David"]
[Black "Hickl, Joerg"]
[Result "1-0"]
[WhiteElo "2525"]
[BlackElo "2535"]

1.d4 d6 2.e4 g6 3.Nc3 Bg7 4.Be3 a6 5.Bc4 Nc6 6.Nf3 b5 7.Bb3 Na5 8.O-O e6
9.Qd2 Ne7 10.Rad1 O-O 11.Rfe1 Bb7 12.Bh6 Kh8 13.Bxg7+ Kxg7 14.Qf4 Ng8 15.e5 Bxf3
16.Qxf3 d5 17.Ne2 Qe7 18.Nf4 c6 19.Rd3 Nc4 20.Qg4 Nxb2 21.Rh3 h6 22.c3 Qg5
23.Qf3 Qf5 24.g4 Qg5 25.Bc2 Rae8 26.Rg3 Nc4 27.Kg2 c5 28.h4 Qxh4 29.Rh1 Qg5
30.Nh5+ Kh8 31.Nf6 cxd4 32.cxd4 Rd8 33.Rgh3 Kg7 34.Nxg8 Rxg8 35.Rxh6 Kf8
36.Bxg6  1-0

[Event "CAN-ch"]
[Site "CAN"]
[Date "1994.??.??"]
[Round "1"]
[White "Spraggett, Kevin"]
[Black "Koliada, Timour"]
[Result "1-0"]
[WhiteElo "2530"]
[BlackElo "2345"]

1.e4 g6 2.d4 Bg7 3.Nc3 d6 4.Be3 Nf6 5.Qd2 h5 6.h3 c6 7.Nf3 Qa5 8.Bd3 Nbd7
9.a4 a6 10.O-O e5 11.Rfd1 O-O 12.dxe5 dxe5 13.Nd5 Qd8 14.Nxf6+ Bxf6 15.a5 Qe7
16.Qc3 Rd8 17.Bc4 Kg7 18.b4 Qe8 19.h4 Qe7 20.Ng5 Rf8 21.Bb3 Bxg5 22.hxg5 Kg8
23.Rd3 Re8 24.Qd2 Qf8 25.Rxd7 Bxd7 26.Qxd7 Qe7 27.Qxe7 Rxe7 28.Rd1 Rae8 29.Bc5 Rc7
30.Bb6 Rcc8 31.Rd7 Rf8 32.Rxb7 Rb8 33.Bxf7+ Kg7 34.Rxb8 Rxb8 35.Bc4 Ra8 36.Bc7 Kh7
37.Bxe5 Re8 38.f4 h4 39.Bxa6 h3 40.Bb7 hxg2 41.a6  1-0

[Event "ESP-ch"]
[Site "Canete"]
[Date "1994.??.??"]
[Round "?"]
[White "Sanz Alonso, Francisco Javier"]
[Black "Moreno Ruiz, Javier"]
[Result "1-0"]
[WhiteElo "2420"]
[BlackElo "2260"]

1.e4 g6 2.d4 Bg7 3.Nc3 d6 4.Be3 Nf6 5.h3 O-O 6.g3 Nc6 7.Bg2 e5 8.Nge2 exd4
9.Nxd4 Bd7 10.O-O Re8 11.Re1 a6 12.a4 Nb4 13.Qd2 c5 14.Nb3 Bc6 15.Bf4 Nh5
16.Bg5 Bf6 17.Bxf6 Qxf6 18.Rad1 Rad8 19.Na5 Rd7 20.Nc4 Red8 21.Nb6 Re7 22.Qc1 Ng7
23.Re3 Ne6 24.Ne2 Nd4 25.c3 Nbc2 26.cxd4 Nxe3 27.Qxe3 Bxe4 28.Bxe4 d5 29.Nc3 Qxb6
30.dxc5 Qe6 31.Bxd5 Qxe3 32.fxe3 Rc8 33.c6 bxc6 34.Bc4 a5 35.Kf2 Rce8 36.e4 Rb8
37.b3 Rbb7 38.Rd6 Rbc7 39.Ke3 Kg7 40.Kd4 f6 41.Kc5 Rcd7 42.Rxd7 Rxd7 43.Kxc6  1-0

[Event "ESP-ch"]
[Site "Canete"]
[Date "1994.??.??"]
[Round "?"]
[White "Sanz Alonso, Francisco Javier"]
[Black "Morales, Julian"]
[Result "1/2-1/2"]
[WhiteElo "2420"]
[BlackElo "2220"]

1.e4 g6 2.d4 Bg7 3.Nc3 d6 4.Be3 Nf6 5.h3 a6 6.g3 b5 7.Bg2 Bb7 8.a3 Nbd7 9.Nge2 e5
10.O-O O-O 11.dxe5 dxe5 12.Nc1 Qe7 13.Nb3 Rac8 14.Qe2 c5 15.Rfd1 c4 16.Na5 Ba8
17.a4 Qb4 18.axb5 axb5 19.Nd5 Nxd5 20.exd5 Qd6 21.Nc6 Rfe8 22.Bd2 Qf6 23.Ra5 e4
24.Bc3 Qf5 25.Bxg7 Kxg7 26.Nd4 Qe5 27.Nxb5 Rc5 28.Qe1 Bxd5 29.Nc7 Qxc7 30.Rxd5 Rxa5
31.Qxa5 Qxa5 32.Rxa5 e3 33.fxe3 Rxe3 34.Kf2 Re6 35.Ra7 Ne5 36.Bf1 h5 37.Be2 Rb6
38.Ra2 Kf6 39.Ke3 Re6 40.Kd2 h4 41.gxh4 Kf5 42.Ra1 Kf4 43.h5 gxh5 44.Bxh5 f5
45.Rf1+ Ke4 46.Re1+ Kf4 47.Kc3 Rh6 48.Bd1 Rxh3+ 49.Kd4 Nf3+ 50.Bxf3 Rxf3
51.Kxc4 Re3 52.Rf1+ Ke4 53.b4 Re2 54.c3 f4 55.b5 f3 56.b6 f2 57.Kc5 Kd3 58.c4 Rc2
59.Kd5 Ke2 60.Rxf2+ Kxf2 61.c5 Rb2  1/2-1/2

[Event "Capablanca mem-A"]
[Site "?"]
[Date "1994.??.??"]
[Round "2"]
[White "Armas, Jorge"]
[Black "Spangenberg, Hugo"]
[Result "1-0"]
[WhiteElo "2450"]
[BlackElo "2510"]

1.d4 d6 2.e4 g6 3.Nc3 Bg7 4.Be3 Nf6 5.f3 e6 6.Qd2 d5 7.Bh6 Nxe4 8.Qf4 Bxh6
9.Qxh6 Nxc3 10.bxc3 Qf6 11.Qe3 O-O 12.f4 b6 13.Nf3 c5 14.h4 Nc6 15.Ne5 Nxe5
16.fxe5 Qe7 17.h5 g5 18.Be2 h6 19.O-O Kg7 20.Rf6 Bd7 21.Raf1 Ba4 22.Rxh6 Kxh6
23.Rf6+ Qxf6 24.exf6 cxd4 25.cxd4 Bxc2 26.Qa3 a5 27.g4 a4 28.Kf2 Bh7 29.Bb5 Rfc8
30.Bd7 Rc7 31.Qd6 Rc2+ 32.Ke1 Rc1+ 33.Kd2 Rc2+ 34.Kd1 Rc4 35.Qe7 Rxd4+ 36.Ke2 Rxg4
37.Qxf7 Re4+ 38.Kf2 Rg8 39.Qe7 Rf4+ 40.Kg3 Be4 41.Bxe6 Rf3+ 42.Kh2 Ra8 43.Bg4  1-0

[Event "Capablanca mem-A"]
[Site "?"]
[Date "1994.??.??"]
[Round "6"]
[White "Armas, Jorge"]
[Black "Nogueiras, Jesus"]
[Result "1/2-1/2"]
[WhiteElo "2450"]
[BlackElo "2550"]

1.d4 d6 2.e4 g6 3.Nc3 Bg7 4.Be3 a6 5.Qd2 Nd7 6.f3 b5 7.h4 h5 8.Nh3 Bb7 9.Ng5 Ngf6
10.a4 c6 11.Be2 e5 12.dxe5 dxe5 13.O-O O-O 14.Na2 Qe7 15.Nc1 Rfd8 16.Qc3 Nh7
17.Nb3 Rac8 18.Rfd1 Nxg5 19.hxg5 Bf8 20.Rd2 Nb8 21.Rxd8 Rxd8 22.Nc5 Bc8 23.Nd3 Re8
24.Qa5 Nd7 25.Rd1 Qe6 26.b3 Be7 27.Qc3 Bb7  1/2-1/2

[Event "Cappelle op"]
[Site "Cappelle la Grande"]
[Date "1994.??.??"]
[Round "1"]
[White "Araslanov, Farid"]
[Black "Chernin, Alexander"]
[Result "0-1"]
[WhiteElo "2310"]
[BlackElo "2630"]

1.e4 g6 2.d4 Bg7 3.Nc3 d6 4.Be3 a6 5.Qd2 Nd7 6.h4 h5 7.Nh3 b5 8.Ng5 Bb7 9.a4 c6
10.Be2 Ngf6 11.O-O Ng4 12.Nd1 Nxe3 13.Nxe3 Qb6 14.c3 O-O 15.a5 Qa7 16.g4 c5
17.d5 hxg4 18.Bxg4 Nf6 19.Bd1 c4 20.h5 Bh6 21.Ng4 Nxg4 22.Bxg4 f6 23.Kg2 fxg5
24.Rh1 Rf4 25.f3 Bc8 26.Bxc8 Rxc8  0-1

[Event "Cappelle op"]
[Site "Cappelle la Grande"]
[Date "1994.??.??"]
[Round "3"]
[White "Henris, Luc"]
[Black "Sokolov, Andrei"]
[Result "0-1"]
[WhiteElo "2270"]
[BlackElo "2515"]

1.e4 g6 2.d4 Bg7 3.Nc3 d6 4.f4 c6 5.Nf3 Nd7 6.Be3 Qb6 7.Rb1 f5 8.exf5 gxf5
9.Bd3 Ndf6 10.Qe2 Nh6 11.d5 Qc7 12.dxc6 bxc6 13.Bd4 O-O 14.O-O Nf7 15.Rbe1 e6
16.Kh1 c5 17.Bg1 a6 18.Ng5 Nd8 19.Nd1 h6 20.Nf3 Bb7 21.c4 Rb8 22.Be3 Ne4
23.Bc1 Bc6 24.b3 a5 25.Bb2 Nf6 26.Nc3 a4 27.Bc2 axb3 28.axb3 Re8 29.Qd1 Nf7
30.Re3 Ng4 31.Rd3 d5 32.cxd5 exd5 33.Nh4 Nd6 34.Nxf5 Nxf5 35.Qxg4 Qf7 36.Rh3 Bd7
37.Nxd5 Ne3 38.Nxe3 Bxg4 39.Nxg4 Qxf4 40.Nxh6+ Bxh6 41.Rg3+ Qxg3 42.hxg3 Re2
43.Bc1 Rxc2 44.Bxh6 Rxb3 45.Kh2 Rbb2 46.Kh3 Rxg2 47.Kh4 Rh2+ 48.Kg5 Rb8 49.Rf6 Rc8
50.Kg6 c4 51.Bg5 c3 52.Re6 c2 53.Re1 Rh7 54.Bf4 Rg7+ 55.Kh5 Rd7 56.Ra1 Rd5+
57.Kg4 Rd4 58.Rc1 Rd1 59.Kf3 Rxc1 60.Bxc1 Rd8  0-1

[Event "Cappelle op"]
[Site "Cappelle la Grande"]
[Date "1994.??.??"]
[Round "3"]
[White "Skripchenko, Almira"]
[Black "Gorbatow, Alexej"]
[Result "0-1"]
[WhiteElo "2235"]
[BlackElo "2415"]

1.e4 g6 2.d4 Bg7 3.Nc3 d6 4.f4 a6 5.Be3 Nd7 6.Nf3 b5 7.e5 Bb7 8.Qe2 b4 9.Nb1 e6
10.Nbd2 Ne7 11.Bf2 Nd5 12.g3 O-O 13.Ne4 Qb8 14.h4 a5 15.h5 Ba6 16.Qd2 Bxf1
17.Kxf1 Qb7 18.hxg6 fxg6 19.Re1 dxe5 20.dxe5 Rad8 21.Nfg5 h6 22.Nf3 g5 23.Qd3 gxf4
24.Neg5 N7f6 25.exf6 Nxf6 26.Qe2 hxg5 27.Qxe6+ Rf7  0-1

[Event "Cappelle op"]
[Site "Cappelle la Grande"]
[Date "1994.??.??"]
[Round "6"]
[White "Ostojic, Predrag"]
[Black "Carlier, Bruno"]
[Result "1/2-1/2"]
[WhiteElo "2340"]
[BlackElo "2355"]

1.e4 g6 2.d4 Bg7 3.Nc3 d6 4.Nf3 c6 5.Be2 Nf6 6.a4 a5 7.O-O O-O 8.h3 Na6 9.Be3 Nb4
10.Qd2 Re8  1/2-1/2

[Event "Cappelle op"]
[Site "Cappelle la Grande"]
[Date "1994.??.??"]
[Round "6"]
[White "Durao, Joaquim"]
[Black "Petran, Peter"]
[Result "0-1"]
[WhiteElo "2215"]
[BlackElo "2410"]

1.e4 g6 2.d4 Bg7 3.Nc3 d6 4.f4 a6 5.Nf3 b5 6.Bd3 Nd7 7.a4 b4 8.Ne2 c5 9.d5 Ngf6
10.Ng3 O-O 11.a5 e6 12.dxe6 fxe6 13.O-O Qe7 14.f5 Ng4 15.Bg5 Bf6 16.Bxf6 Rxf6
17.fxe6 Nde5 18.Nxe5 Rxf1+ 19.Nxf1 Nxe5 20.Ne3 Bxe6 21.Qe2 Qc7 22.b3 Qc6
23.Rf1 Re8 24.Rf4 Qc7 25.Bxa6 Qxa5 26.Bb5 Rb8 27.Bc4 Nxc4 28.Nxc4 Qa1+ 29.Rf1 Qd4+
30.Qe3 Bxc4 31.bxc4 Rc8 32.Rf3 Rd8 33.Rf1 Rc8  0-1